00688 a2200181 4500003000400000005001700004008004100021020001800062040000900080082002000089100003300109245012500142260003300267300001000300942004600310952013300356999001700489OSt20230919122249.0230919b |||||||| |||| 00| 0 eng d a9781032189611 coclc a720.9546bHAM/S aHamdani, Hakim Sameer,99517 aThe syncretic traditions of Islamic religious architecture of Kashmir b(early 14th-18th century) / Hakim Sameer Hamdani aNew York:bRoutledge,c2023. a216 p 2ddccBKh720.9546iHAM/Sk720.9546mHAM/S 00102ddc40708ARTSaMESbMEScISLd2023-09-19l0o720.9546 HAM/Sp42501r2023-09-19 12:24:02v1295.00w2023-09-19yBKzGL47R2 c42289d42289